00606nam a2200181Ia 4500008004100000082001400041100001400055245003100069250000800100260002800108300001200136500002400148650001600172942000700188952010600195952010600301999001700407230524s9999 xx 000 0 und d a6.13bLAT aB.P.Lathi 0aLinear Systems and Signals a2ND aNEW DELHIbOxfordc2005 aXII;963 aQuantity Number: 2 aElectronics cBK 00104070aTATCLbTATCLcGENd2023-05-24l0o006.13 LATp15287r2023-05-24w2023-05-24yBKzBSCP2201 00104070aTATCLbTATCLcGENd2023-05-24l0o006.13 LATp15288r2023-05-24w2023-05-24yBKzBSCP2201 c36270d36270